Fast Food Nation

Fast Food Nation es una película de 2006 dirigida por Richard Linklater basada en el libro homónimo de Eric Schlosser; fue filmada en México y en Estados Unidos. Al igual que el libro (titulado: Fast Food Nation) la película plantea una mirada crítica a la influencia mundial de la industria estadoun...

Descripción completa

Guardado en:
Autor Principal: Linklater, Richard.
Autor Corporativo: Participant Productions.
Otros Autores: Schlosser, Eric; Libro., Kinnear, Greg; Reparto., Sandino Moreno, Catalina; Reparto., Hawke, Ethan; Reparto., Willis, Bruce; Reparto., Lavigne, Avril; Reparto., Arquette, Patricia; Reparto.
Formato: Deslizar
Idioma:Undetermined
Publicado: Estados Unidos : Fox Searchlight Pictures, 2006.
Materias:
Etiquetas: Agregar Etiqueta
Sin Etiquetas, Sea el primero en etiquetar este registro!
LEADER 01871ngm a22002895a 4500
001 CEM.cems020720
008 231130s2006####xx#---############vlund#d
005 20231205084725.0
245 1 0 |a Fast Food Nation  |h [videograbación] /  |c Richard Linklater. 
260 |a Estados Unidos :  |b Fox Searchlight Pictures,  |c 2006. 
300 |a 115'. 
520 |a Fast Food Nation es una película de 2006 dirigida por Richard Linklater basada en el libro homónimo de Eric Schlosser; fue filmada en México y en Estados Unidos. Al igual que el libro (titulado: Fast Food Nation) la película plantea una mirada crítica a la influencia mundial de la industria estadounidense de las comidas rápidas. -- Don Henderson, un ejecutivo de una importante cadena de restaurantes de comida rápida de California, tiene que resolver un grave problema: averiguar cómo y por qué la carne de las hamburguesas más famosas de la empresa está contaminada. Abandona entonces su cómodo despacho para adentrarse en el mundo de los mataderos. Adaptación del libro de Eric Schlosser, que estuvo entre los best-sellers de las listas del New York Times. 
538 |a Soporte: DVD -- Formato: DVD – Peso: 4.07gb -- Resolución: 720 x 480 -- 29.97fps 
500 |a Título original: Fast Food Nation – Idioma: Inglés y español – Subtítulos: Español e inglés. 
590 |a Identificación anterior: 320 
100 1 |a Linklater, Richard. 
700 1 |a Schlosser, Eric; Libro. 
700 1 |a Kinnear, Greg; Reparto. 
700 1 |a Sandino Moreno, Catalina; Reparto. 
700 1 |a Hawke, Ethan; Reparto. 
700 1 |a Willis, Bruce; Reparto. 
700 1 |a Lavigne, Avril; Reparto. 
700 1 |a Arquette, Patricia; Reparto. 
710 2 |a Participant Productions. 
653 |a FICCIÓN 
653 |a LARGOMETRAJE 
859 |a CEMS  |b BIB. CEMS - Depto. Recursos Didacticos  |h 778.5  |i LIN  |k DRD  |p 3260.23  |t Ej.1